000 00744nam a22002177a 4500
999 _c15843
_d15843
003 MIRAKIL
005 20240401124733.0
008 240401b tu ||||| |||| 00| 0 tur d
020 _a9789751636522
040 _aTR-AnCHP
_cTR-AnCHP
041 _atur
082 _a427.1
_bB29ç 2019
100 _aBayram, Bülent
245 1 0 _aÇuvaş Türkçesi sözlüğü /
_cBülent Bayram.
260 _aAnkara:
_bTürk Dil Kurumu Yayınları,
_c2019.
300 _a1012 sayfa ;
_c25 cm.
490 0 _aAtatürk Kültür, Dil ve Tarih Yüksek Kurumu Türk Dil Kurumu Yayınları ;
_v1286
650 0 _97768
_aSözlükler
_xÇuvaş dili
856 _zDijital Nüshası için Partimizin Kütüphane Sorumlusu ile iletişime geçiniz.
942 _2ddc
_cBKS